000 01430nam a22002897a 4500
005 20081105102017.0
008 081105t xxu||||| |||| 00| 0 hin d
010 _aHIN-84657
020 _c300.00
_a8174875506
035 _aHN-57003
037 _bDBAD / PUB
040 _aDPL
_bHN
082 _a363.25
100 _aनिशांत सिंह
245 _aन्यायालयिक विज्ञान तकनीक एवं उपकरण /
_cनिशांत सिंह
246 _aNyayalayik Vigyan
_bby Nishant Singh
260 _aनई दिल्ली
_bराधा पब्लिकेशन्स
_c2007
270 _a4231/1, अंसारी रोड, दरियागंज
_bनई दिल्ली
_e110002
_k23247003, 23254306
_mradhapubnitin@yahoo.com
300 _a165पृ
_c22सेमी (सजिल्द)
_bसचित्र
650 _aविज्ञान और तकनीक
650 _aScience and Technology
650 _aन्यायालयिक विज्ञान
650 _aन्यायालयिक विज्ञान
650 _aForensic Science
942 _2ddc
_cHN
_mनिशांत
_h363.25
999 _c18024
_d18024